| 000 | 00750nam a22002412 4500 | ||
|---|---|---|---|
| 001 | 21102 | ||
| 003 | CZ PrNK | ||
| 005 | 20260213135708.0 | ||
| 008 | 960504s1981 xo slo | ||
| 040 |
_aABA001 _bcze _cABA001 _dABA001 |
||
| 041 | 1 |
_aslo _hlat |
|
| 245 | 0 | 0 |
_aRímske príbehy / _cz lat. orig. přel. Jozef Minárik a kol. ; sest. a doslov naps. Jozef Minárik ; ilustr. Viera Gergelová |
| 250 | _a1. vyd. | ||
| 260 |
_aBratislava : _bMladé letá, _c1981 |
||
| 300 |
_a166 s. : _bil. ; _c8° |
||
| 490 | 1 | _aPradávne príbehy | |
| 521 | 1 | _aPre čitateľov od 11 rokov | |
| 700 | 1 |
_aMinárik, Jozef, _d1922-2008 _4com _4aui |
|
| 765 | 0 | _tGesta Romanorum | |
| 830 | 0 | _aPradávne príbehy | |
| 910 | _aABA001 | ||
| 942 |
_2ddc _cKLDO _n0 |
||
| 999 |
_c21102 _d21102 |
||